Normal view
MARC view
Entry Personal Name
001 - CONTROL NUMBER
- control field: 35647
003 - CONTROL NUMBER IDENTIFIER
- control field: ARRUPE
005 - DATE AND TIME OF LATEST TRANSACTION
- control field: 20170905102359.0
008 - FIXED-LENGTH DATA ELEMENTS
- fixed length control field: 170905|| aca||aabn | a|a d
040 ## - CATALOGING SOURCE
- Original cataloging agency: ARRUPE
- Transcribing agency: ARRUPE
100 ## - HEADING--PERSONAL NAME
- Personal name: Wheeler, Sondra Ely,
- Dates associated with a name: 1956-
670 ## - SOURCE DATA FOUND
- Source citation: Work cat.: (ARRUPE)0: Wheeler, Sondra Ely, 1956-, Stewards of life :, c1996.